Corporation finance : (Record no. 1485)

MARC details
000 -LEADER
fixed length control field 00487cam a2200181ua 4500
001 - CONTROL NUMBER
control field 1598
005 - DATE AND TIME OF LATEST TRANSACTION
control field 20260515113345.0
008 - FIXED-LENGTH DATA ELEMENTS--GENERAL INFORMATION
fixed length control field 110713n ii |||gr||||Z||||||eng
040 ## - CATALOGING SOURCE
Transcribing agency MAIN
082 ## - DEWEY DECIMAL CLASSIFICATION NUMBER
Classification number 336.243
100 ## - MAIN ENTRY--PERSONAL NAME
Personal name Kuchhal, S. C.,
245 1# - TITLE STATEMENT
Title Corporation finance :
Remainder of title principle and problems /
Statement of responsibility, etc. by S. C. Kuchhal
260 ## - PUBLICATION, DISTRIBUTION, ETC.
Place of publication, distribution, etc. Allahabad:
Name of publisher, distributor, etc. Chaitanya Publishing House,970.
300 ## - PHYSICAL DESCRIPTION
Extent xvi; 564p:
Dimensions 23cm.
653 ## - INDEX TERM--UNCONTROLLED
Uncontrolled term Economics
653 ## - INDEX TERM--UNCONTROLLED
Uncontrolled term Corporation finance
942 ## - ADDED ENTRY ELEMENTS (KOHA)
Koha item type Books
Holdings
Withdrawn status Lost status Damaged status Not for loan Home library Current library Shelving location Date acquired Total checkouts Full call number Barcode Date last seen Copy number Price effective from Koha item type
        Naharkatiya College Library Naharkatiya College Library General stacks 09/19/2020   336.243 | KUC 1974 09/19/2020 1 09/19/2020 Books
        Naharkatiya College Library Naharkatiya College Library General stacks 09/19/2020   336.243 | KUC 1975 09/19/2020 3 09/19/2020 Books
        Naharkatiya College Library Naharkatiya College Library General stacks 09/19/2020   336.243 | KUC 1976 09/19/2020 2 09/19/2020 Books